000 01354nam a2200397 i 4500
001 14727
003 KOSZ 005
005 20200425180853.0
008 070716s1970 pl a f 000 0 pol
015 _aPB 1970/5521
035 _a991035095409705066
035 _a(PL-WaBN)b19438771-48omnis_nlop
035 _ab19438771
035 _a(OCoLC)823597756
035 _a(PL)b0000001943877
035 _a(EXLNZ-48OMNIS_NETWORK)9910288889705606
040 _aWA N
_cWA N
_dKOSZ 005/KK
080 _a631.3
100 1 _aNowacki, Tadeusz
_d(1918-2005)
_eAutor
245 1 0 _aTechnologia prac maszynowych w rolnictwie /
_cTadeusz Nowacki.
260 _aWarszawa :
_bPaństwowe Wydawnictwo Rolnicze i Leśne,
_c1970.
300 _a315, [1] strona :
_bilustracje ;
_c23 cm.
336 _2rdacontent
_aTekst
_btxt
337 _2rdamedia
_aBez urządzenia pośredniczącego
_bn
338 _2rdacarrier
_aWolumin
_bnc
380 _aKsiążki
388 _a1901-2000
504 _aBibliografia na stronach 314-316.
655 7 _aPodręczniki akademickie
_2DBN
658 _aInżynieria i technika
658 _aRolnictwo i leśnictwo
650 7 _aMechanizacja rolnictwa
_2DBN
856 _uhttp://koha.tu.koszalin.pl/cgi-bin/koha/opac-detail.pl?biblionumber=14727
_yKatalog online BPK
942 _2UKD
_cKS
999 _c14727
_d14727